| 000 | 00768nam a2200217Ia 4500 | ||
|---|---|---|---|
| 999 |
_c39966 _d39966 |
||
| 001 | 6572 | ||
| 003 | GE_BSU | ||
| 005 | 20191119120000.0 | ||
| 008 | 181216s1980||||ge |||||||||||||| ||geo|| | ||
| 040 | _cGE_BSU | ||
| 041 | _ageo | ||
| 080 | _a821.353.1-1 ბ-60 | ||
| 100 |
_aბექიშვილი, თედო _94749 |
||
| 245 |
_aხეობა : _bლექსები / _cთედო ბექიშვილი ; რედ. ნ. იაშვილი. |
||
| 264 |
_aთბილისი : _bსაბჭ.საქართველო, _c1980. |
||
| 300 |
_a158 გვ. ; _e17 სმ. |
||
| 653 | _aლექსები | ||
| 653 | _aხეობა | ||
| 700 |
_aიაშვილი, ნ. _eრედაქტორი _94099 |
||
| 942 |
_cBK _2udc |
||